Państwa w języku litewskim - Statystyki

Ogólne statystyki
  • Ten quiz został rozwiązany 495 razy
  • Średni wynik to 9 z 15
Statystyki odpowiedzi
litewski polski % Poprawnych
Estija Estonia
97%
Filipinai Filipiny
94%
Švedija Szwecja
92%
Monakas Monako
91%
Ispanija Hiszpania
89%
Sirija Syria
88%
Jemenas Jemen
87%
Prancūzija Francja
79%
Butanas Bhutan
74%
Suomija Finlandia
56%
Jungtinė Karalystė Wielka Brytania
28%
Kinija Chiny
27%
Alžyras Algieria
25%
Vokietija Niemcy
11%
Dramblio Kaulo Krantas Wybrzeże Kości Słoniowej
11%
Nie znaleziono quizów pasujących do podanych kryteriów
Rozkład punktacji
Procent ludzi z każdym wynikiem
Percentyl według liczby udzielonych odpowiedzi
Twoja historia wyników
Nie rozwiązałeś tego quizu